[Event "South America-ch U14 17th"]
[Site "Guayaquil"]
[Date "2022.01.29"]
[Round "8"]
[White "Bolanos Lopez, Juan Jacobo"]
[Black "Pianchiche Acero, Miyamu Nillu"]
[Result "1-0"]
[WhiteElo "1768"]
[BlackElo "1474"]
[PlyCount "49"]
[EventDate "2022.01.25"]
[EventType "swiss"]
[EventRounds "9"]
[EventCountry "ECU"]
[SourceTitle "CBM 206 Extra"]
[Source "ChessBase"]
[SourceDate "2022.03.31"]
[SourceVersion "1"]
[SourceVersionDate "2022.03.31"]
[SourceQuality "1"]

1. e4 c6 2. Nf3 d5 3. Nc3 g6 4. d4 Bg7 5. h3 Nf6 6. e5 Nfd7 7. Bf4 e6 8. Qd2 c5 9. dxc5 Nxc5 10. Bh6 0-0 11. h4 Ne4 12. Qe3 Nxc3 13. bxc3 Qc7 14. Bxg7 Kxg7 15. h5 Re8 16. Ng5 h6 17. hxg6 hxg5 18. Rh7+ Kf8 19. g7+ Kg8 20. Rh8+ Kxg7 21. Rxe8 f6 22. exf6+ Kxf6 23. Qf3+ Kg7 24. Qf8+ Kg6 25. Bd3+ 1-0

[Event "Preinscritos IRT Online"]
[Site "Chess.com INT"]
[Date "2020.12.26"]
[Round "7"]
[White "Pazos Gambarrotti, Plinio Efrain"]
[Black "Pianchiche Acero, Miyamu Nillu"]
[Result "1-0"]
[WhiteElo "2370"]
[BlackElo "1950"]
[PlyCount "77"]
[EventDate "2020.12.26"]
[EventType "swiss"]
[EventRounds "11"]
[EventCountry "ECU"]
[SourceTitle "CBM 200 Extra"]
[Source "ChessBase"]
[SourceDate "2021.03.31"]
[SourceVersion "1"]
[SourceVersionDate "2021.03.31"]
[SourceQuality "1"]

1. d4 g6 2. c4 Bg7 3. Nc3 d6 4. e4 Nc6 5. Nge2 e5 6. Be3 f5 7. exf5 Bxf5 8. d5 Nce7 9. Ng3 Nf6 10. Bd3 Qd7 11. 0-0 0-0 12. Nce4 Ng4 13. Bd2 Nf6 14. h3 Bxe4 15. Bxe4 Nxe4 16. Nxe4 Nf5 17. Ng5 Nd4 18. Be3 Bf6 19. Ne4 Nf5 20. Qd2 Rf7 21. a4 Raf8 22. a5 a6 23. b4 Bg7 24. Rac1 Nxe3 25. Qxe3 Qf5 26. c5 Rd8 27. cxd6 cxd6 28. Rc4 Rdd7 29. Rfc1 Bf8 30. Rc8 h6 31. R1c3 Kg7 32. g4 Qf4 33. Qxf4 Rxf4 34. f3 Rff7 35. Kg2 Be7 36. Rb8 Bh4 37. Rcc8 Rfe7 38. Rg8+ Kf7 39. Rbf8# 1-0

[Event "Preinscritos IRT Online"]
[Site "Chess.com INT"]
[Date "2020.12.26"]
[Round "3"]
[White "Perez Rodriguez, Jennifer"]
[Black "Pianchiche Acero, Miyamu Nillu"]
[Result "1-0"]
[WhiteElo "2318"]
[BlackElo "1950"]
[PlyCount "26"]
[EventDate "2020.12.26"]
[EventType "swiss"]
[EventRounds "11"]
[EventCountry "ECU"]
[SourceTitle "CBM 200 Extra"]
[Source "ChessBase"]
[SourceDate "2021.03.31"]
[SourceVersion "1"]
[SourceVersionDate "2021.03.31"]
[SourceQuality "1"]

1. e4 c6 2. d4 d5 3. f3 g6 4. c3 Bg7 5. Be3 dxe4 6. fxe4 e5 7. Nf3 Bg4 8. Bc4 Ne7 9. Bxf7+ Kf8 10. 0-0 exd4 11. cxd4 c5 12. Ng5 Qd6 13. Qxg4 cxd4 1-0

[Event "ECU-ch Schools U13 Clas2"]
[Site "Chess.com INT"]
[Date "2020.11.20"]
[Round "3"]
[White "Vasquez Zambrano, Luis Fabricio"]
[Black "Pianchiche Acero, Miyamu Nillu"]
[Result "0-1"]
[WhiteElo "1414"]
[BlackElo "1417"]
[PlyCount "130"]
[EventDate "2020.11.20"]
[EventType "swiss"]
[EventRounds "9"]
[EventCountry "ECU"]
[SourceTitle "CBM 199 Extra"]
[Source "ChessBase"]
[SourceDate "2021.01.31"]
[SourceVersion "1"]
[SourceVersionDate "2021.01.31"]
[SourceQuality "1"]

1. e4 c6 2. Nc3 d5 3. exd5 cxd5 4. Qf3 Nf6 5. h3 Nc6 6. Bb5 e6 7. Nge2 Bd7 8. d3 a6 9. Bxc6 bxc6 10. Bg5 Be7 11. 0-0 Rb8 12. b3 0-0 13. Be3 c5 14. Bd2 Bc6 15. Qg3 Qd7 16. Bf4 Rbc8 17. Be5 Rfe8 18. Nd1 Rcd8 19. Nf4 d4 20. f3 Bd5 21. Nf2 Ra8 22. Ng4 Nxg4 23. Qxg4 f6 24. Nh5 Bd8 25. Bxf6 g6 26. Bxd8 Qxd8 27. Nf4 Qf6 28. Nxd5 exd5 29. Rae1 Re3 30. Qd7 Qf7 31. Qxf7+ Kxf7 32. Kf2 Rae8 33. Rxe3 dxe3+ 34. Ke2 d4 35. g4 Rb8 36. f4 Kf6 37. h4 Rb5 38. a4 Rb8 39. f5 Kg7 40. f6+ Kf7 41. g5 Rd8 42. Rf4 Rd5 43. Re4 h6 44. Re7+ Kf8 45. gxh6 Rh5 46. h7 Rxh4 47. Ra7 Rh2+ 48. Kf3 e2 49. Ra8+ Kf7 50. h8N+ Rxh8 51. Ra7+ Kxf6 52. Kxe2 Rh2+ 53. Kd1 g5 54. Rxa6+ Kf5 55. Rc6 g4 56. Rxc5+ Kf4 57. Rd5 Ke3 58. Re5+ Kf3 59. Re1 g3 60. a5 g2 61. a6 Rh1 62. a7 Rxe1+ 63. Kd2 Re2+ 64. Kc1 g1Q+ 65. Kb2 Qg8 0-1

[Event "ECU-ch Schools U15 Clas2"]
[Site "Chess.com INT"]
[Date "2020.11.07"]
[Round "5"]
[White "Ubilluz Pena, Jaiden Andres"]
[Black "Pianchiche Acero, Miyamu Nillu"]
[Result "0-1"]
[WhiteElo "1324"]
[BlackElo "1417"]
[PlyCount "102"]
[EventDate "2020.11.07"]
[EventType "swiss"]
[EventRounds "9"]
[EventCountry "ECU"]
[SourceTitle "EXT 2022"]
[Source "ChessBase"]
[SourceDate "2021.10.06"]
[SourceVersion "1"]
[SourceVersionDate "2021.10.06"]
[SourceQuality "1"]

1. e4 c6 2. d4 d5 3. e5 Bf5 4. f4 e6 5. Nf3 Nd7 6. Nc3 a6 7. Be3 c5 8. Be2 c4 9. a4 Bb4 10. 0-0 Ne7 11. Qe1 Bxc2 12. Qg3 Bg6 13. Nh4 0-0 14. Nxg6 hxg6 15. Rf3 Nf5 16. Qf2 Nb8 17. Rh3 Nc6 18. g4 Nxe3 19. Qxe3 Re8 20. Qf2 Rc8 21. Rf1 Nxd4 22. Kh1 Bxc3 23. bxc3 Nxe2 24. Qxe2 Kf8 25. f5 Ke7 26. f6+ gxf6 27. exf6+ Kd7 28. Rh7 Rf8 29. Qc2 Kc6 30. g5 Qc7 31. Rb1 Rh8 32. Rg7 Rh3 33. Qg2 Rch8 34. Rb2 Qf4 35. Rf2 Qc1+ 36. Rf1 Rxh2+ 37. Kg1 Rh1+ 38. Qxh1 Rxh1+ 39. Kxh1 Qxf1+ 40. Kh2 Qf4+ 41. Kh3 Qxg5 42. Rxf7 Qf5+ 43. Kh4 g5+ 44. Kh5 g4+ 45. Kh6 g3 46. Rf8 g2 47. f7 g1Q 48. Rc8+ Kb6 49. Rc6+ bxc6 50. a5+ Kb5 51. f8Q Qh3# 0-1

[Event "ECU-ch Schools U15 Clas1"]
[Site "Chess.com INT"]
[Date "2020.11.05"]
[Round "1"]
[White "Cedeno Ramos, Angel Rafael"]
[Black "Pianchiche Acero, Miyamu Nillu"]
[Result "0-1"]
[WhiteElo "180"]
[BlackElo "1417"]
[PlyCount "66"]
[EventDate "2020.11.05"]
[EventType "swiss"]
[EventRounds "9"]
[EventCountry "ECU"]
[SourceTitle "EXT 2022"]
[Source "ChessBase"]
[SourceDate "2021.10.06"]
[SourceVersion "1"]
[SourceVersionDate "2021.10.06"]
[SourceQuality "1"]

1. e4 c6 2. Nf3 d5 3. exd5 cxd5 4. d4 Nc6 5. Nc3 Bg4 6. h3 Bh5 7. g4 Bg6 8. Bf4 e6 9. Bd3 Bd6 10. Bxd6 Qxd6 11. Bxg6 hxg6 12. Qe2 Nge7 13. 0-0-0 a6 14. Kb1 0-0-0 15. Rhe1 Kb8 16. Ng5 Rhf8 17. Nh7 Rh8 18. Ng5 Rdf8 19. a3 Qf4 20. Na4 Qxg5 21. Nc5 Rc8 22. Nd7+ Kc7 23. Ne5 Nxe5 24. Qe4 dxe4 25. Rxe4 N5c6 26. f4 Qd5 27. Rde1 Rxh3 28. Re5 Nxe5 29. Rxe5 Qxd4 30. c3 Qc4 31. b4 Qb3+ 32. Ka1 Rh1+ 33. Re1 Rxe1# 0-1